00321cam a22000977a 4500008004000000082001500040245006900055260005000124300000800174700004100182180718b1947 xxu||||| |||| 00| 0 eng d aP43x42 Un3 aNew secondary educationcby Ministry of education, United Nation aLondonbHer Majesty's Stationery Officec1947 a63p aUnited Nation. Ministry of Education